The Lumineers Charting Songs (Billboard Hot Rock) - Statistics

General Stats
  • This quiz has been taken 20 times
    4 since last reset
  • The average score is 9 of 51
Answer Stats
Album Weeks On Peak Artist(s) Song % Correct
The Lumineers 81 Weeks #1 The Lumineers Ho Hey
100%
Cleopatra 56 Weeks #5 The Lumineers Ophelia
100%
The Lumineers 40 Weeks #10 The Lumineers Stubborn Love
100%
The Lumineers 20 Weeks #19 The Lumineers Flowers In Your Hair
75%
Cleopatra 62 Weeks #10 The Lumineers Angela
50%
Brightside 20 Weeks #13 The Lumineers Brightside
50%
Cleopatra 48 Weeks #11 The Lumineers Cleopatra
50%
Cleopatra 4 Weeks #25 The Lumineers Gale Song
50%
Automatic 11 Weeks #20 The Lumineers Same Old Song
50%
Cleopatra 20 Weeks #11 The Lumineers Sleep on the Floor
50%
Zach Bryan 26 Weeks #3 Zach Bryan ft. The Lumineers Spotless
50%
Brightside 2 Weeks #24 The Lumineers A.M. Radio
25%
Automatic 1 Week #27 The Lumineers Asshole
25%
Brightside 1 Week #36 The Lumineers Birthday
25%
The Lumineers 1 Week #48 The Lumineers Charlie Boy
25%
The Lumineers 9 Weeks #30 The Lumineers Dead Sea
25%
III 2 Weeks #23 The Lumineers Donna
25%
III 26 Weeks #5 The Lumineers Gloria
25%
The Lumineers 9 Weeks #31 The Lumineers Submarines
25%
Automatic 1 Week #42 The Lumineers Ativan
0%
Automatic 1 Week #39 The Lumineers Automatic
0%
The Lumineers 7 Weeks #37 The Lumineers Big Parade
0%
Brightside 1 Week #35 The Lumineers Big Shot
0%
A Bad Moms Christmas 1 Week #50 The Lumineers Blue Christmas
0%
The Lumineers 14 Weeks #24 The Lumineers Classy Girl
0%
Cleopatra 2 Weeks #28 The Lumineers Gun Song
0%
Cleopatra 2 Weeks #30 The Lumineers In the Light
0%
III 1 Week #30 The Lumineers It Wasn't Easy To Be Happy For You
0%
III 1 Week #42 The Lumineers Jimmy Sparks
0%
III 1 Week #33 The Lumineers Leader of the Landslide
0%
III 1 Week #38 The Lumineers Left for Denver
0%
III 30 Weeks #12 The Lumineers Life in the City
0%
Cleopatra 1 Week #32 The Lumineers Long Way From Home
0%
III 1 Week #39 The Lumineers My Cell
0%
Cleopatra 1 Week #34 The Lumineers My Eyes
0%
Brightside 1 Week #38 The Lumineers Never Really Mine
0%
For the Throne: Music Inspired by the HBO Series Game of Thrones 2 Weeks #17 The Lumineers Nightshade
0%
Cleopatra 1 Week #41 The Lumineers Patience
0%
Automatic 1 Week #46 The Lumineers Plasticine
0%
Brightside 1 Week #49 The Lumineers Reprise
0%
Brightside 1 Week #43 The Lumineers Rollercoaster
0%
III 1 Week #26 The Lumineers Salt and the Sea
0%
C-Sides 1 Week #42 The Lumineers Scotland
0%
Cleopatra 1 Week #40 The Lumineers Sick in the Head
0%
The Lumineers 15 Weeks #23 The Lumineers Slow It Down
0%
Automatic 1 Week #50 The Lumineers So Long
0%
Automatic 1 Week #49 The Lumineers Strings
0%
Non-Album Single 4 Weeks #28 James Bay with The Lumineers & Noah Kahan Up All Night
0%
Non-Album Single 1 Week #45 The Lumineers Walls
0%
Brightside 13 Weeks #19 The Lumineers Where We Are
0%
Automatic 2 Weeks #33 The Lumineers You're All I Got
0%
No matching quizzes found
Score Distribution
Percent of People with Each Score
Percentile by Number Answered
Your Score History
You have not taken this quiz since the last reset